000 00828 a2200205 4500
001 55005
005 20260407155825.0
008 260407a1990 arg spa d
003 AR-UNSa-BCEJYS
040 _aAR-UNSa-BCEJYS
_bspa
_cAR-UNSa-BCEJYS
080 _a101.1
_xNaturaleza de la filosofía. La filosofía como ciencia. La filosofía como arte (pensamiento filosófico)
245 1 0 _aPerspectivas etico-juridicas
_puna lectur aamericana
020 _a950-20-0585-4
264 1 _aBuenos Aires :
_bAbeledo Perrot
_c1990
300 _a158 p.
_c17 cm.
505 _a1. Libertad como moral y derecho – 2. Bobbio: lo formal en la ética y el derecho – 3. Ética y otología americanas (su institucionalización jurídica).
942 _cBK
590 _aniveau_biblio:m niveau_hierar:0
100 1 _aBorda de Rojas Paz, Nerva
999 _c5867
_d5867